[Event "Wch Disabilities 5th"]
[Site "Lublin"]
[Date "2023.08.27"]
[Round "9"]
[White "Dukaczewski, Piotr"]
[Black "Szalko, Maciej"]
[Result "1-0"]
[WhiteElo "2095"]
[BlackElo "1944"]
[PlyCount "35"]
[EventDate "2023.08.19"]
[EventType "swiss"]
[EventRounds "9"]
[EventCountry "POL"]
[SourceTitle "CBM 215 Extra"]
[Source "ChessBase"]
[SourceDate "2023.09.30"]
[SourceVersion "1"]
[SourceVersionDate "2023.09.30"]
[SourceQuality "1"]

1. d4 Nf6 2. c4 e6 3. Nf3 b6 4. g3 Bb4+ 5. Bd2 Be7 6. Bg2 c6 7. 0-0 Ne4 8. Bf4 d5 9. Qc2 Ba6 10. cxd5 exd5 11. Bxb8 Rxb8 12. Qxc6+ Kf8 13. Ne5 Nf6 14. Nc3 h5 15. Qa4 Bb7 16. Qxa7 h4 17. Rac1 Ne8 18. Qxb8 1-0

[Event "Wch Disabilities 5th"]
[Site "Lublin"]
[Date "2023.08.26"]
[Round "8"]
[White "Szalko, Maciej"]
[Black "Valenta, Vit"]
[Result "1/2-1/2"]
[WhiteElo "1944"]
[BlackElo "1995"]
[PlyCount "123"]
[EventDate "2023.08.19"]
[EventType "swiss"]
[EventRounds "9"]
[EventCountry "POL"]
[SourceTitle "CBM 215 Extra"]
[Source "ChessBase"]
[SourceDate "2023.09.30"]
[SourceVersion "1"]
[SourceVersionDate "2023.09.30"]
[SourceQuality "1"]

1. d4 Nf6 2. Nc3 d5 3. Bf4 c6 4. e3 Bf5 5. Nf3 Nbd7 6. Be2 h6 7. h3 e6 8. a3 a5 9. Ne5 Nxe5 10. Bxe5 Be7 11. g4 Bg6 12. Bd3 Bxd3 13. Qxd3 b5 14. Ne2 Bd6 15. a4 b4 16. Bg3 Ne4 17. Bxd6 Qxd6 18. f3 Ng3 19. Rg1 Nxe2 20. Qxe2 e5 21. 0-0-0 0-0 22. g5 Rae8 23. dxe5 Rxe5 24. f4 Re4 25. Qh5 Kh7 26. f5 Qc5 27. f6 b3 28. c3 Qxe3+ 29. Kb1 Qe2 30. Qxe2 Rxe2 31. fxg7 Kxg7 32. gxh6+ Kxh6 33. c4 Rfe8 34. cxd5 cxd5 35. Rxd5 Re1+ 36. Rd1 Rxg1 37. Rxg1 Re4 38. Kc1 Rxa4 39. Rg3 Ra1+ 40. Kd2 a4 41. Kc3 f5 42. Kb4 Kh5 43. Rg8 Kh4 44. Rh8+ Kg3 45. h4 Rh1 46. h5 Rh4+ 47. Ka3 f4 48. h6 f3 49. h7 Kf2 50. Rb8 Rxh7 51. Kxa4 Re7 52. Kxb3 Ke2 53. Rf8 f2 54. Kc4 Rc7+ 55. Kd4 Rb7 56. Kc3 Re7 57. Kc4 Ke3 58. Rxf2 Kxf2 59. b4 Ke3 60. b5 Ke4 61. b6 Ke5 62. Kc5 1/2-1/2

[Event "Online Olym Disabilities"]
[Site "Tornelo INT"]
[Date "2020.11.21"]
[Round "1.15"]
[White "Jacome, Esteban"]
[Black "Szalko, Maciej"]
[Result "0-1"]
[WhiteElo "1549"]
[BlackElo "1946"]
[PlyCount "114"]
[EventDate "2020.11.21"]
[EventType "team-swiss (rapid)"]
[EventRounds "7"]
[EventCountry "NET"]
[SourceTitle "CBM 199 Extra"]
[Source "ChessBase"]
[SourceDate "2021.01.31"]
[SourceVersion "1"]
[SourceVersionDate "2021.01.31"]
[SourceQuality "1"]
[WhiteTeam "Ecuador"]
[BlackTeam "Poland III"]
[WhiteTeamCountry "ECU"]
[BlackTeamCountry "POL"]

1. e4 c5 2. Nf3 e6 3. d4 cxd4 4. Nxd4 Nf6 5. Nc3 d6 6. Bg5 a6 7. Qd2 Be7 8. f3 b5 9. Be3 Bb7 10. Be2 Nbd7 11. 0-0 h5 12. Nd1 h4 13. Nf2 Rc8 14. a4 bxa4 15. Rxa4 Nc5 16. Ra2 Qc7 17. b4 Ncd7 18. Bxa6 Ne5 19. Rfa1 Nc4 20. Bxc4 Qxc4 21. Ra7 Bc6 22. Nxc6 Qxc6 23. R7a6 Qc4 24. R6a2 d5 25. c3 0-0 26. Bd4 dxe4 27. Nxe4 Rfd8 28. Qg5 Rd5 29. Qxh4 e5 30. Bf2 Qb3 31. Be1 Bd8 32. Qf2 Nd7 33. Qc2 Qc4 34. Qe2 Qc6 35. Qa6 Bb6+ 36. Bf2 f5 37. Bxb6 Nxb6 38. Nc5 Rd6 39. Qe2 Nd5 40. Qxe5 Rg6 41. Ra6 Nb6 42. Qe3 Re8 43. Qf2 Qf6 44. Re1 Rd8 45. Ne6 Nd5 46. Nxd8 Qxa6 47. Qh4 Qb6+ 48. Kh1 Rh6 49. Qd4 Qxd8 50. c4 Kh7 51. Qxd5 Qh4 52. Qxf5+ Rg6 53. Rg1 Qxc4 54. Qh5+ Rh6 55. Qf5+ Kg8 56. Qc5 Rxh2+ 57. Kxh2 Qh4# 0-1

[Event "WchT ICSC Silent 19th"]
[Site "Chiavenna"]
[Date "2019.12.19"]
[Round "8.1"]
[White "Vujcic, Toni"]
[Black "Szalko, Maciej"]
[Result "0-1"]
[WhiteElo "2042"]
[BlackElo "1962"]
[PlyCount "80"]
[EventDate "2019.12.14"]
[EventType "team-tourn"]
[EventRounds "9"]
[EventCountry "ITA"]
[SourceTitle "CBM 193 Extra"]
[Source "ChessBase"]
[SourceDate "2020.01.31"]
[SourceVersion "1"]
[SourceVersionDate "2020.01.31"]
[SourceQuality "1"]
[WhiteTeam "Croatia"]
[BlackTeam "Poland"]
[WhiteTeamCountry "CRO"]
[BlackTeamCountry "POL"]

1. d4 Nf6 2. c4 g6 3. Nc3 d5 4. Nf3 Bg7 5. e3 0-0 6. b4 a5 7. b5 c5 8. bxc6 Nxc6 9. Qc2 Re8 10. Bb2 e5 11. Ba3 a4 12. dxe5 Nxe5 13. Nd4 dxc4 14. Be2 Nd5 15. Nxd5 Qxd5 16. 0-0 b5 17. Rfd1 Bb7 18. Bf1 Nc6 19. Nxb5 Qxb5 20. Rab1 Qh5 21. Rxb7 c3 22. Be2 Qf5 23. Bd3 Qh5 24. Bc4 Ne5 25. Bd5 Red8 26. e4 Rac8 27. h3 Qg5 28. Kh1 Bf6 29. Bc1 Qh5 30. Kg1 g5 31. f4 gxf4 32. Bxf4 Qh4 33. Rf1 Kh8 34. Bxf7 Nd3 35. Be3 Qxe4 36. Rxf6 Qxb7 37. Be6 Qe4 38. Qe2 c2 39. Bf5 c1Q+ 40. Kh2 Qe5+ 0-1

[Event "EU-ch Silent"]
[Site "Lvov"]
[Date "2019.07.18"]
[Round "4"]
[White "Zabolotny, Volodymyr"]
[Black "Szalko, Maciej"]
[Result "1-0"]
[WhiteElo "1967"]
[BlackElo "1943"]
[PlyCount "55"]
[EventDate "2019.07.16"]
[EventType "swiss"]
[EventRounds "7"]
[EventCountry "UKR"]
[SourceTitle "CBM 191 Extra"]
[Source "ChessBase"]
[SourceDate "2019.09.30"]
[SourceVersion "1"]
[SourceVersionDate "2019.09.30"]
[SourceQuality "1"]

1. d4 Nf6 2. c4 g6 3. g3 d6 4. Nf3 Bf5 5. Nc3 Qc8 6. h3 h5 7. Bg2 Bg7 8. b4 0-0 9. Bb2 Nc6 10. b5 Nd8 11. a4 c6 12. Rc1 Bh6 13. e3 Qd7 14. Nh4 g5 15. Nxf5 Qxf5 16. 0-0 d5 17. cxd5 cxd5 18. Qb3 e6 19. a5 Kh8 20. Ba3 Rg8 21. Bd6 g4 22. Be5 h4 23. hxg4 Rxg4 24. Bh3 Bg7 25. Kg2 Nh5 26. Qd1 Rxd4 27. Bxd4 Qg5 28. Qg4 1-0

[Event "Liberec op 18th"]
[Site "Liberec"]
[Date "2018.03.02"]
[Round "8"]
[White "Szalko, Maciej"]
[Black "Vetter, Udo"]
[Result "1-0"]
[WhiteElo "1840"]
[BlackElo "1454"]
[PlyCount "85"]
[EventDate "2018.02.24"]
[EventType "swiss"]
[EventRounds "9"]
[EventCountry "CZE"]
[SourceTitle "CBM 183 Extra"]
[Source "ChessBase"]
[SourceDate "2018.04.19"]
[SourceVersion "1"]
[SourceVersionDate "2018.04.19"]
[SourceQuality "1"]

1. d4 Nf6 2. Nf3 d5 3. c4 e6 4. g3 g6 5. Bg2 Bg7 6. 0-0 0-0 7. Qc2 c6 8. Rd1 Nbd7 9. Nbd2 Nb6 10. b3 Re8 11. Bb2 Nbd7 12. Rac1 Ng4 13. e4 dxe4 14. Nxe4 Ndf6 15. Ned2 Nd7 16. h3 Nh6 17. c5 Nf6 18. Nc4 Nd5 19. Re1 Nf5 20. Rcd1 Bh6 21. Nfe5 f6 22. Ng4 Bg7 23. Re2 Qc7 24. Rde1 h5 25. Nh2 Kh7 26. Be4 Nfe7 27. Bf3 f5 28. Nd6 Rf8 29. Nxc8 Raxc8 30. Rxe6 Kg8 31. Bxd5 Nxd5 32. Rxg6 Qf7 33. Rg5 f4 34. Nf3 fxg3 35. Rxg3 Kh8 36. Ne5 Bxe5 37. dxe5 Qe6 38. Qg6 Qxg6 39. Rxg6 Kh7 40. Rg3 Rg8 41. Re4 Rcf8 42. e6 Ne7 43. Be5 1-0

[Event "Krakow op-B 28th"]
[Site "Krakow"]
[Date "2018.01.03"]
[Round "8"]
[White "Szalko, Maciej"]
[Black "Pluta, Natalia"]
[Result "0-1"]
[WhiteElo "1878"]
[BlackElo "1748"]
[PlyCount "64"]
[EventDate "2017.12.27"]
[EventType "swiss"]
[EventRounds "9"]
[EventCountry "POL"]
[SourceTitle "CBM 182 Extra"]
[Source "ChessBase"]
[SourceDate "2018.02.23"]
[SourceVersion "1"]
[SourceVersionDate "2018.02.23"]
[SourceQuality "1"]

1. d4 d5 2. c4 e6 3. Nf3 c6 4. g3 dxc4 5. Bg2 Nf6 6. Ne5 Bb4+ 7. Kf1 0-0 8. a3 Be7 9. Nc3 c5 10. Be3 Nd5 11. Nxc4 Nxe3+ 12. fxe3 Nc6 13. Bxc6 bxc6 14. Kf2 Ba6 15. Ne5 cxd4 16. Qxd4 Qc7 17. Ne4 c5 18. Qc3 Bb7 19. Rhd1 Rfd8 20. Nd2 Bf6 21. Ndc4 Bd5 22. Rdc1 Bxc4 23. Qxc4 Qxe5 24. Rab1 Qf5+ 25. Qf4 Qxf4+ 26. gxf4 Rac8 27. Rc2 Kf8 28. Rbc1 Be7 29. Rc4 Rd7 30. b4 Rdc7 31. Kf3 Bd6 32. e4 cxb4 0-1

[Event "Krakow op-B 28th"]
[Site "Krakow"]
[Date "2017.12.27"]
[Round "1"]
[White "Zarnowski, Krzysztof"]
[Black "Szalko, Maciej"]
[Result "1-0"]
[WhiteElo "2031"]
[BlackElo "1878"]
[PlyCount "53"]
[EventDate "2017.12.27"]
[EventType "swiss"]
[EventRounds "9"]
[EventCountry "POL"]
[SourceTitle "CBM 182 Extra"]
[Source "ChessBase"]
[SourceDate "2018.02.23"]
[SourceVersion "1"]
[SourceVersionDate "2018.02.23"]
[SourceQuality "1"]

1. d4 Nf6 2. c4 g6 3. Nc3 d5 4. cxd5 Nxd5 5. e4 Nxc3 6. bxc3 Bg7 7. Bc4 0-0 8. Ne2 c5 9. 0-0 Nc6 10. Be3 Qc7 11. Rc1 Rd8 12. Qa4 Bd7 13. Qa3 Na5 14. Bd3 c4 15. Bc2 Bf8 16. Rb1 b6 17. Bf4 Qc6 18. Qc1 Bc8 19. Qe3 Bg7 20. Rfd1 Qd7 21. d5 Ba6 22. Nd4 Re8 23. Rb4 Rec8 24. Ba4 Qg4 25. h3 Bxd4 26. Rxd4 Qh4 27. Bg5 1-0

[Event "EU-chT ICCD Silent 21st"]
[Site "Kaunas"]
[Date "2013.06.13"]
[Round "1.5"]
[White "Szalko, Maciej"]
[Black "Molnar, Ferenc"]
[Result "1-0"]
[WhiteElo "1694"]
[BlackElo "1797"]
[PlyCount "67"]
[EventDate "2013.06.13"]
[EventType "team-swiss"]
[EventRounds "7"]
[EventCountry "LTU"]
[SourceTitle "EXT 2015"]
[Source "ChessBase"]
[SourceDate "2014.11.20"]
[SourceVersion "1"]
[SourceVersionDate "2014.11.20"]
[SourceQuality "1"]

1. d4 e6 2. c4 Nf6 3. Nf3 h6 4. e3 d6 5. Bd3 c5 6. 0-0 Be7 7. Nc3 a6 8. Bb1 e5 9. Re1 Bg4 10. dxe5 dxe5 11. Qxd8+ Bxd8 12. Nxe5 Nc6 13. Nxc6 bxc6 14. Ne4 Be7 15. f3 Bf5 16. Nxf6+ Bxf6 17. Bxf5 g6 18. Bc2 0-0 19. Rb1 Rad8 20. b3 Bc3 21. Re2 f5 22. Bb2 Rd2 23. Rxd2 Bxd2 24. Kf2 Re8 25. e4 f4 26. Bc1 Be3+ 27. Bxe3 fxe3+ 28. Kxe3 a5 29. Rd1 Kf7 30. Rd7+ Re7 31. Rxe7+ Kxe7 32. Kf4 g5+ 33. Kf5 Kf7 34. e5 1-0

[Event "EU-chT ICSC 20th"]
[Site "Liverpool"]
[Date "2011.06.09"]
[Round "2"]
[White "Szalko, Maciej"]
[Black "Ryvova, Anna"]
[Result "0-1"]
[WhiteElo "1569"]
[BlackElo "1972"]
[PlyCount "126"]
[EventDate "2011.06.09"]
[EventType "team-tourn"]
[EventRounds "7"]
[EventCountry "ENG"]
[SourceTitle "CBM 142 Extra"]
[Source "ChessBase"]
[SourceDate "2011.06.27"]
[SourceVersion "1"]
[SourceVersionDate "2011.06.27"]
[SourceQuality "1"]
[WhiteTeam "Otwock UKS MDK"]
[BlackTeam "Praha"]
[WhiteTeamCountry "POL"]
[BlackTeamCountry "CZE"]

1. e4 d5 2. exd5 Qxd5 3. Nc3 Qa5 4. d4 Nf6 5. Bd2 c6 6. Bc4 Bf5 7. Nf3 e6 8. a3 Qc7 9. 0-0 Bd6 10. Re1 0-0 11. Ne5 Nbd7 12. Bf4 Rad8 13. Rc1 Nb6 14. Bb3 Nfd5 15. Nxd5 exd5 16. Qf3 f6 17. Nd3 Bxd3 18. Bxd6 Qxd6 19. Qxd3 Rde8 20. c3 Re7 21. Re3 Rfe8 22. Rce1 Rxe3 23. Rxe3 Rxe3 24. Qxe3 Kf7 25. f4 Qe6 26. Qd2 f5 27. Kf1 Nd7 28. Bc2 Nf6 29. Qe2 Ng4 30. Qxe6+ Kxe6 31. Kg1 a5 32. a4 b6 33. h3 Nf6 34. Kf2 Ne8 35. g4 g6 36. Kg3 Nd6 37. Bd3 b5 38. Bc2 Nc4 39. b3 Ne3 40. gxf5+ gxf5 41. Bd3 bxa4 42. bxa4 Nd1 43. c4 Nb2 44. cxd5+ cxd5 45. Bb5 Nc4 46. Kh4 Kf6 47. Kh5 Ne3 48. Kh6 Ng2 49. Kxh7 Nxf4 50. h4 Ne6 51. Bc6 Nxd4 52. Bxd5 f4 53. h5 Kg5 54. h6 Nf5 55. Bf3 Nxh6 56. Kg7 Nf5+ 57. Kf7 Nd4 58. Be4 f3 59. Ke7 f2 60. Bd3 Kf4 61. Kd6 Ke3 62. Bf1 Ne2 63. Kc5 Nc3 0-1

[Event "Wch Silent U20"]
[Site "St Gallen"]
[Date "2008.07.30"]
[Round "10"]
[White "Szalko, Maciej"]
[Black "Martin, Lewis"]
[Result "1/2-1/2"]
[WhiteElo "1752"]
[BlackElo "1992"]
[PlyCount "89"]
[EventDate "2008.07.20"]
[EventType "tourn"]
[EventRounds "11"]
[EventCountry "SUI"]
[SourceTitle "EXT 2009"]
[Source "ChessBase"]
[SourceDate "2008.11.26"]
[SourceVersion "1"]
[SourceVersionDate "2008.11.26"]
[SourceQuality "1"]

1. f4 d5 2. e3 c5 3. Nf3 Nf6 4. d4 cxd4 5. Nxd4 Nc6 6. Be2 e6 7. 0-0 Be7 8. Nd2 0-0 9. c3 a6 10. N2f3 Re8 11. Bd2 Bd6 12. c4 Qb6 13. Bc3 Ne4 14. Qc2 Bd7 15. Nxc6 Nxc3 16. Qxc3 Bxc6 17. Nd2 Bc5 18. cxd5 exd5 19. Rae1 Bxe3+ 20. Kh1 d4 21. Qc2 Bxf4 22. Bc4 Qc7 23. Qf5 g5 24. Bd3 f6 25. Qxf6 Qg7 26. Qxg7+ Kxg7 27. Rd1 Re6 28. Bc4 Rh6 29. Nf3 Rd8 30. h3 Be3 31. Ng1 Rf8 32. Be2 Rhf6 33. Rxf6 Rxf6 34. Bf3 Bxf3 35. Nxf3 Rd6 36. g4 Kf6 37. Kg2 Ke6 38. Kf1 Kd5 39. Ke2 Ke4 40. Rd3 Re6 41. Nd2+ Kf4 42. Nf1 Rh6 43. Nxe3 dxe3 44. Rxe3 Rc6 45. Rf3+ 1/2-1/2